<?xml version="1.0" encoding="UTF-8"?>
<record
    xmlns:xsi="http://www.w3.org/2001/XMLSchema-instance"
    xsi:schemaLocation="http://www.loc.gov/MARC21/slim http://www.loc.gov/standards/marcxml/schema/MARC21slim.xsd"
    xmlns="http://www.loc.gov/MARC21/slim">

  <leader>01513nam a22003497a 4500</leader>
  <controlfield tag="001">BRCA_9247</controlfield>
  <controlfield tag="003">FranzMayer</controlfield>
  <controlfield tag="005">20230717135316.0</controlfield>
  <controlfield tag="008">230712b        |||||||| |||| 00| 0 eng d</controlfield>
  <datafield tag="020" ind1=" " ind2=" ">
    <subfield code="a">9780300263497</subfield>
  </datafield>
  <datafield tag="040" ind1=" " ind2=" ">
    <subfield code="a">MFM</subfield>
    <subfield code="b">esp</subfield>
    <subfield code="c">MFM</subfield>
  </datafield>
  <datafield tag="041" ind1=" " ind2=" ">
    <subfield code="a">esp</subfield>
  </datafield>
  <datafield tag="050" ind1=" " ind2="0">
    <subfield code="a">NK8902.591</subfield>
    <subfield code="b">B37 2022</subfield>
  </datafield>
  <datafield tag="110" ind1="1" ind2=" ">
    <subfield code="a">Bard Graduate Center</subfield>
    <subfield code="9">28638</subfield>
  </datafield>
  <datafield tag="240" ind1="1" ind2=" ">
    <subfield code="a">Threads of Power: Lace from the Textilmuseum of St. Gallen</subfield>
    <subfield code="l">ing</subfield>
  </datafield>
  <datafield tag="245" ind1="0" ind2=" ">
    <subfield code="a">Threads of Power</subfield>
    <subfield code="b">Lace from the Textilmuseum of St.Gallen </subfield>
  </datafield>
  <datafield tag="260" ind1=" " ind2=" ">
    <subfield code="a">B&#xE9;lgica</subfield>
    <subfield code="b">Brad Graduate Center</subfield>
    <subfield code="c">2022</subfield>
  </datafield>
  <datafield tag="300" ind1=" " ind2=" ">
    <subfield code="a">XIV, 418 p</subfield>
    <subfield code="b">ilustraciones</subfield>
    <subfield code="c">27 cm</subfield>
  </datafield>
  <datafield tag="500" ind1=" " ind2=" ">
    <subfield code="a">L60/N3</subfield>
  </datafield>
  <datafield tag="505" ind1="0" ind2=" ">
    <subfield code="a">Traducci&#xF3;n de: Frieda SorberTraducci&#xF3;n de: Barbara KarlTraducci&#xF3;n de: Anne Wanner-Jean-RichardDistribuido por: Yale University Press, New Haven and LondonAdaptaci&#xF3;n de: The Collection of Historical Lace in the Textilmuseum St GallenTexto en: ingl&#xE9;sDestinado a: muse&#xF3;grafos, artistas, historiadores, dise&#xF1;adores, dise&#xF1;adores de modaIncluye &#xED;ndice (tem&#xE1;tico)Bibliograf&#xED;a 395-418</subfield>
  </datafield>
  <datafield tag="610" ind1="1" ind2=" ">
    <subfield code="a">Bard Graduate Center</subfield>
    <subfield code="9">28639</subfield>
  </datafield>
  <datafield tag="650" ind1="1" ind2=" ">
    <subfield code="2">Arte textil</subfield>
    <subfield code="a">Museos</subfield>
    <subfield code="v">Europa</subfield>
    <subfield code="9">28828</subfield>
  </datafield>
  <datafield tag="651" ind1="2" ind2=" ">
    <subfield code="2">Europa</subfield>
    <subfield code="a">Suiza</subfield>
    <subfield code="9">28829</subfield>
  </datafield>
  <datafield tag="700" ind1="1" ind2=" ">
    <subfield code="4">Ed. </subfield>
    <subfield code="a">Cormack,Emma</subfield>
    <subfield code="9">28640</subfield>
  </datafield>
  <datafield tag="700" ind1="1" ind2=" ">
    <subfield code="4">Des.</subfield>
    <subfield code="a">Grey, Laura</subfield>
    <subfield code="9">28641</subfield>
  </datafield>
  <datafield tag="700" ind1="1" ind2=" ">
    <subfield code="4">Ed.</subfield>
    <subfield code="a">Majer, Michele</subfield>
    <subfield code="9">28642</subfield>
  </datafield>
  <datafield tag="700" ind1="1" ind2=" ">
    <subfield code="4">Trad.</subfield>
    <subfield code="a">Karl, Barbara</subfield>
    <subfield code="9">28643</subfield>
  </datafield>
  <datafield tag="700" ind1="1" ind2=" ">
    <subfield code="4">Trad.</subfield>
    <subfield code="a">Sorber, Frieda</subfield>
    <subfield code="9">28644</subfield>
  </datafield>
  <datafield tag="700" ind1="1" ind2=" ">
    <subfield code="4">Trad.</subfield>
    <subfield code="a">Wanner-Jean-Richard, Anne</subfield>
    <subfield code="9">28645</subfield>
  </datafield>
  <datafield tag="710" ind1="1" ind2=" ">
    <subfield code="a">Bard Graduate Center</subfield>
    <subfield code="9">28638</subfield>
  </datafield>
  <datafield tag="942" ind1=" " ind2=" ">
    <subfield code="2">lcc</subfield>
    <subfield code="c">B</subfield>
  </datafield>
  <datafield tag="999" ind1=" " ind2=" ">
    <subfield code="c">10866</subfield>
    <subfield code="d">10866</subfield>
  </datafield>
  <datafield tag="952" ind1=" " ind2=" ">
    <subfield code="0">0</subfield>
    <subfield code="1">0</subfield>
    <subfield code="2">lcc</subfield>
    <subfield code="4">0</subfield>
    <subfield code="7">0</subfield>
    <subfield code="8">FCON</subfield>
    <subfield code="a">BRCA</subfield>
    <subfield code="b">BRCA</subfield>
    <subfield code="d">2023-07-12</subfield>
    <subfield code="e">Donaci&#xF3;n</subfield>
    <subfield code="l">0</subfield>
    <subfield code="o">NK8902.591 B37 2022</subfield>
    <subfield code="p">CONT10041</subfield>
    <subfield code="r">2023-07-12 00:00:00</subfield>
    <subfield code="t">1</subfield>
    <subfield code="w">2023-07-12</subfield>
    <subfield code="y">B</subfield>
  </datafield>
</record>
